000
00313 a2200109 4500
001
ART_19171
005
20260410161704.0
008
260409a
245
1
0
_a
El blanqueo de bienes de años prescriptos
100
1
_a
Oklander, Juan
773
0
_t
Revista Impuestos
_g
- Nº 11 (jun. 2009)
_w
REV639
999
_c
15496
_d
15496